000 00306nam a22001337a 4500
020 _a0-13-067703-5
082 _a519.5024 SPR
100 _aC.RICHARD , SPRINTHALL
_964982
245 _aBASIC STATISTICAL ANALYSIS
250 _a2ND
260 _aPDF
_bPRENTICE HALL
_c1987
300 _a433P
942 _cBK
999 _c573320
_d573320